[Event "ACT-ch"]
[Site "Belconnen"]
[Date "2001.08.31"]
[Round "2"]
[White "Stojic, Svetozar"]
[Black "Ngo Da, Vinh"]
[Result "1-0"]
[WhiteElo "1484"]
[BlackElo "768"]
[PlyCount "27"]
[EventDate "2001.08.24"]
[EventType "swiss"]
[EventRounds "9"]
[EventCountry "AUS"]
[SourceTitle "EXT 2006"]
[Source "ChessBase"]
[SourceDate "2005.11.24"]
[SourceVersion "1"]
[SourceVersionDate "2005.11.24"]
[SourceQuality "1"]

1. e4 e5 2. Nf3 Nc6 3. Bb5 d6 4. d4 Bd7 5. 0-0 a6 6. Ba4 h6 7. Bxc6 Bxc6 8. dxe5 Bxe4 9. exd6 Bxd6 10. Re1 Nf6 11. Nfd2 Qe7 12. f3 Qe5 13. g3 Nh5 14. Rxe4 1-0

[Event "AUS-ch U16"]
[Site "Canberra"]
[Date "2001.01.19"]
[Round "8.40"]
[White "Lim, Nathanael"]
[Black "Ngo Da, Vinh"]
[Result "1-0"]
[WhiteElo "990"]
[BlackElo "688"]
[PlyCount "41"]
[EventDate "2001.01.??"]
[EventType "swiss"]
[EventRounds "11"]
[EventCountry "AUS"]
[SourceTitle "CBM 080 Extra"]
[Source "ChessBase"]
[SourceDate "2001.03.08"]
[SourceVersion "1"]
[SourceVersionDate "2001.03.08"]
[SourceQuality "1"]

1. e4 e5 2. Nf3 d6 3. Bc4 Nf6 4. Nc3 Nc6 5. d3 Be7 6. Be3 0-0 7. Qd2 Ng4 8. 0-0-0 Nxe3 9. fxe3 Bg4 10. h3 Be6 11. Nd5 a6 12. g4 Bg5 13. c3 Bxd5 14. Bxd5 Bf6 15. h4 Rb8 16. g5 Be7 17. Rdg1 g6 18. h5 Kh8 19. hxg6 fxg6 20. Rxh7+ Kxh7 21. Qh2+ 1-0